000 01471nam a2200409 c 4500
001 20473
003 ES-MaCES
005 20150929135822.0
008 070822s2004 sp t 000 | cat d
017 _aB 17229-2004
_bDL
020 _a8460908909
035 _aCES20070010360m
040 _aES-MaCES
_bspa
_cES-MaCES
245 0 0 _aDeslocalització i localització d'empreses a Catalunya
_c[autors, Antonio Argandoña i Ramiz ... et al.]
260 _a[Barcelona]
_bA.G.P.R.O.
_c[2004]
300 _a230 p.
_c25 cm
490 1 _aCol.lecció Perspectives
_v5
500 _aEn la cub.: CRESC, Centre de Recerca Econòmica i Social de Catalunya
500 _aEn la cub., además: UGT
541 _cGratuito
650 4 _aubicación de industrias
_927640
650 4 _areubicación de industrias
_927641
650 4 _areestructuración empresarial
_930602
650 4 _aglobalización económica
_930653
650 4 _acompetitividad
_928270
650 4 _aCataluña
_930774
653 1 0 _aEmpresa
650 4 _928178
_aempresa
650 4 _930664
_aconcertación social
700 1 _aArgandoña, Antonio
_96510
710 2 _aCentre de Recerca Econòmica i Social de Catalunya
_91825
710 2 _aUnió General de Treballadors de Catalunya
_95080
830 0 _aCol.lecció Perspectives (Centre de Recerca Econòmica i Social de Catalunya)
_v5
_933759
902 _aLIB Libro
942 _2CES
_cBK
_h0.0.
999 _c20473
_d20473